000 00860nam a22002777a 4500
003 CHAP
005 20220329143740.0
008 110531s1972 mx a r 00010 spa d
010 _a101351
011 _a102323
035 _a113011
040 _cCHAP
082 0 4 _a621.43
_bJ63
100 0 0 _aJohn Deere.
_961770
245 1 0 _aFundamentos de técnica aplicada :
_bmotores
_c/por John Deer
260 _aMéxico, D.F. :
_bLito Diseño,
_cc1972
300 _a283 p. :
_bilus.
590 _aBATCH-UPD
_b10
_c20130110
_lUCH01
_h1435
590 _aBATCH-UPD
_b10
_c20130410
_lUCH01
_h0910
590 _aBATCH-UPD
_b10
_c20130914
_lUCH01
_h1704
590 _aCONVERSION
_b10
_c20130109
_lUCH01
_h1356
650 1 4 _aMotores de combustión interna.
_979098
901 _aBK
942 _cLIBRO
949 _a621.43 J63
_bBC
_cLIBRO
_d33724002259157
_eLIBRO
_h115082
_i113011
_si
999 _c101351
_d101351